000 00561nam a2200157Ia 4500
008 191021s9999 xx 000 0 und d
020 _a978-1-260-09164-9
100 _aEnger Eldon D.
245 _cEnger Eldon D., Simth Bradley F.--
_aEnvironmental Science
_bA study of interrelationships/
250 _a15th ed.
260 _aNew York:
_bMcGraw-Hill Education.
_c2019.
300 _axix,516 pages:
_bcolor illustrations ;
_c28 cm
500 _aAppendix, Glosary, Index.
650 _aEnvironmental sciences -- Textbooks.
650 _aEnvironmental sciences.
999 _c362280
_d362280